An epistle to His Royal Highness the Prince of Wales : occasion'd by the state of the nation. Presented on his birth-day. By Mr. Stanhope.

Bibliographic Details
Main Author: Stanhope, Hugh
Format: eBook
Language:English
Series:Eighteenth century collections online.
Online Access:Full text online

MARC

Tag First Indicator Second Indicator Subfields
LEADER 00000cam a2200000 4500
001 in00001895708
006 m | d |
007 cr |n||||||||n
008 791208s1720 enk|||| s 00| ||eng d
005 20260414190937.1
035 |a (CStRLIN)ESTCT78898 
040 |a Uk-ES  |c Uk-ES  |d Cu-RivES  |d CStRLIN  |d Thomson Gale  |d UtOrBLW 
100 1 |a Stanhope, Hugh. 
245 1 3 |a An epistle to His Royal Highness the Prince of Wales :  |b occasion'd by the state of the nation. Presented on his birth-day. By Mr. Stanhope. 
264 3 |a London :  |b printed for E. Curll,  |c 1720. 
300 |a 4 unnumbered pages, 15, 9 unnumbered pages ;  |c 8⁰. 
336 |a text  |b txt  |2 rdacontent 
337 |a computer  |b c  |2 rdamedia 
338 |a online resource  |b cr  |2 rdacarrier 
500 |a Hugh Stanhope is usually considered to be a pseudonym for William Bond (Foxon). 
500 |a Verse. 
500 |a With a half-title. 
500 |a With four final advertisement leaves. 
500 |a Reproduction of original from the "Department of Special Collections, Kenneth Spencer Research Library, University of Kansas". 
510 4 |a Foxon,  |c S706 
510 4 |a Goldsmiths',  |c 5722 
510 4 |a Goldsmiths',  |c 5723 
510 4 |a English Short Title Catalog,  |c ESTCT78898. 
533 |a Electronic reproduction.  |b Farmington Hills, Mich. :  |c Thomson Gale,  |d 2003.  |n Available via the World Wide Web.  |n Access limited by licensing agreements  |7 s2003 miunns 
500 |a Electronic resource. 
864 |a Lu. 
830 0 |a Eighteenth century collections online. 
856 4 0 |u http://proxy.library.tamu.edu/login?url=https://galenet.galegroup.com/servlet/ECCO?c=1&stp=Author&ste=11&af=BN&ae=T078898&tiPG=1&dd=0&dc=flc&docNum=CW108397141&vrsn=1.0&srchtp=a&d4=0.33&n=10&SU=0LRL+OR+0LRI&locID=txshracd2898  |z Full text online  |t 0 
999 |a MARS 
999 f f |s 7ad16cd8-3a62-38bc-b14b-30135ee20d81  |i b28eb6b4-628e-3115-b72b-33e4b774eec0  |t 0 
952 f f |a Texas A&M University  |b College Station  |c Electronic Resources  |s www_evans  |d Available Online  |t 0  |h No information provided 
998 f f |t 0  |l Available Online